000 00770nam a2200277Ia 4500
003 OSt
005 20221006153557.0
006 a|||||r|||| 00| 0
007 ta
008 221006b |||||||| |||| 00| 0 eng d
020 _a9780521875721
024 _a32,758
037 _bGift, Korean Embassy
_cTextual
040 _aEASL
_cEASL
_beng
041 _2eng
_aeng
082 _aW6.495, P3
100 _aKim Samuel S Ed.
_9647516
245 0 _aKorea's Democratization
260 _aCambridge
_bCambridge Unversity Press USA
_c2003
300 _a271p.
_ccm.
490 _v KEL
650 _a KEL
650 _aDemocracy-South Korea
_9664485
942 _hW6.495, P3
_cTEXL
_2CC
999 _c1100844
_d1100844